[Event "POL-chT Otwarta Lubelska"]
[Site "Wojewodztwo Lubelskie"]
[Date "2013.03.03"]
[Round "12.3"]
[White "Gorzkiewicz, Lukasz"]
[Black "Swatek, Wojciech"]
[Result "1-0"]
[WhiteElo "2109"]
[BlackElo "1887"]
[PlyCount "35"]
[EventDate "2013.01.06"]
[EventType "team-tourn"]
[EventRounds "14"]
[EventCountry "POL"]
[SourceTitle "EXT 2020"]
[Source "ChessBase"]
[SourceDate "2019.10.17"]
[SourceVersion "1"]
[SourceVersionDate "2019.10.17"]
[SourceQuality "1"]
[WhiteTeam "Lubelski LUKS Tomasovia Tomaszow"]
[BlackTeam "Ozarow LUKS Tempo"]
[WhiteTeamCountry "POL"]
[BlackTeamCountry "POL"]

1. e4 c5 2. Na3 Nc6 3. f4 a6 4. c3 d5 5. d3 e5 6. exd5 Qxd5 7. Nc4 Rb8 8. Nf3 e4 9. dxe4 Qxe4+ 10. Be2 Qe7 11. 0-0 b5 12. Nce5 Nxe5 13. Nxe5 Rb6 14. Bf3 Bd7 15. Qd5 Be6 16. Qa8+ Qd8 17. Bc6+ Ke7 18. Qa7+ 1-0

[Event "POL-chT Otwarta Lubelska"]
[Site "Wojewodztwo Lubelskie"]
[Date "2013.02.24"]
[Round "9.2"]
[White "Swatek, Wojciech"]
[Black "Flisiak, Piotr"]
[Result "1/2-1/2"]
[WhiteElo "1887"]
[BlackElo "1669"]
[PlyCount "75"]
[EventDate "2013.01.06"]
[EventType "team-tourn"]
[EventRounds "14"]
[EventCountry "POL"]
[SourceTitle "EXT 2020"]
[Source "ChessBase"]
[SourceDate "2019.10.17"]
[SourceVersion "1"]
[SourceVersionDate "2019.10.17"]
[SourceQuality "1"]
[WhiteTeam "Ozarow LUKS Tempo"]
[BlackTeam "Figuranci"]
[WhiteTeamCountry "POL"]
[BlackTeamCountry "POL"]

1. e4 e6 2. d4 d5 3. Nc3 Nf6 4. e5 Ne4 5. Nxe4 dxe4 6. Be3 c5 7. dxc5 Nd7 8. Ne2 Nxc5 9. Nc3 Qxd1+ 10. Rxd1 a6 11. Bxc5 Bxc5 12. Nxe4 Ba7 13. Nd6+ Ke7 14. Be2 Rd8 15. Bf3 Rb8 16. 0-0 b5 17. Rfe1 Bc5 18. Ne4 Bd4 19. c3 Bxe5 20. Rxd8 Kxd8 21. Ng5 Bf6 22. Rd1+ Ke7 23. Nxh7 Be5 24. Ng5 b4 25. Ne4 f5 26. Nd2 bxc3 27. bxc3 Bxc3 28. Nb3 Bd7 29. Nc5 Bb5 30. a4 Bc4 31. h3 Bb4 32. Rc1 Bxc5 33. Rxc4 Rb1+ 34. Kh2 Bxf2 35. g4 fxg4 36. Bxg4 Rb7 37. Kg2 Bh4 38. Bxe6 1/2-1/2

[Event "POL-chT Otwarta Lubelska"]
[Site "Wojewodztwo Lubelskie"]
[Date "2013.02.03"]
[Round "7.3"]
[White "Swatek, Wojciech"]
[Black "Pikulinski, Janusz"]
[Result "0-1"]
[WhiteElo "1887"]
[BlackElo "1967"]
[PlyCount "68"]
[EventDate "2013.01.06"]
[EventType "team-tourn"]
[EventRounds "14"]
[EventCountry "POL"]
[SourceTitle "EXT 2020"]
[Source "ChessBase"]
[SourceDate "2019.10.17"]
[SourceVersion "1"]
[SourceVersionDate "2019.10.17"]
[SourceQuality "1"]
[WhiteTeam "Ozarow LUKS Tempo"]
[BlackTeam "Lublin Drakon"]
[WhiteTeamCountry "POL"]
[BlackTeamCountry "POL"]

1. e4 e5 2. Nf3 Nc6 3. Bb5 a6 4. Ba4 d6 5. 0-0 b5 6. Bb3 Be7 7. c3 Na5 8. Bc2 c5 9. d3 Nf6 10. a4 Bd7 11. Re1 0-0 12. Nbd2 Qc7 13. Nf1 Rfe8 14. Ng3 h6 15. Nh4 Bf8 16. Nhf5 Be6 17. Qf3 Nh7 18. Bd2 Nb3 19. Bxb3 Bxb3 20. axb5 axb5 21. Qg4 Rxa1 22. Rxa1 Be6 23. Nxh6+ Kh8 24. Nhf5 g6 25. Qf3 gxf5 26. exf5 Bd7 27. Nh5 Qc6 28. Qh3 d5 29. Re1 Bh6 30. Bxh6 Qxh6 31. Qf3 e4 32. Qe2 exd3 33. Qxe8+ Bxe8 34. Rxe8+ Nf8 0-1